Представление документа в формате MARC21

ПолеНазваниеЗначение
  Тип записи a
  Библиографический уровень m
001 Контрольный номер RU/URAIT/587967
005 Дата корректировки 20260429163647.6
008 Кодируемые данные 260429s2026 RU y f j 000 0 rus u
020 Индекс ISBN __
a ISBN 978-5-534-13506-0
c Цена, тираж 969.00
040 Источник каталогиз. __
a Служба первич. каталог. ИКО Юрайт
c Служба, преобразующая запись ИКО Юрайт
e Правила каталог. RCR
041 Код языка издания __
a Код языка текста rus
044 Код страны публикации __
a Код страны публикации RU
080 Индекс УДК __
a Индекс УДК 159.9(075.8)
084 Индекс другой классификации/Индекс ББК __
2 Источник индекса rubbk
a Индекс другой классификации/Индекс ББК 88я73
100 Автор __
a Автор Бойков Д. И.
q Полное имя Бойков Дмитрий Игоревич
245 Заглавие __
a Заглавие Психолого-педагогическая диагностика развития лиц с ограниченными возможностями здоровья
b Продолж. заглавия учебник для вузов
c Ответственность Д. И. Бойков [и др.] ; ответственный редактор Д. И. Бойков.
250 Сведения об издании __
a Основные сведения об издании 2-е изд.
256 Характеристики компьютерного файла __
a Характеристики компьютерного файла Электрон. дан.
260 Выходные данные __
a Место издания Москва
b Издательство Юрайт
c Дата издания 2026
300 Физическое описание __
a Объем 211 с
440 Серия __
a Серия Высшее образование
500 Примечания __
a Примечание URL: https://urait.ru/bcode/587967 (дата обращения: 29.04.2026).
520 Аннотация __
a Аннотация Настоящее пособие призвано показать студентам примеры тех задач, которые ставит и решает психолог по изучению психической сферы детей, и дать образцы и примеры психологического (качественного) анализа полученных экспериментальных данных. Обилие в настоящем пособии примеров, иллюстрирующих технику проведения психологического анализа, экспериментальных материалов продиктовано тем, что именно умение осуществлять психологический анализ полученных данных является самой важной задачей и, одновременно, слабым звеном в работе начинающих психологов. Соответствует актуальным требованиям Федерального государственного образовательного стандарта высшего образования. Предназначено для студентов высших учебных заведений, собирающимся стать практическими психологами.
538 Прим. о системных особенностях __
a Прим. о системных особенностях Режим доступа: Электронно-библиотечная система Юрайт, для авториз. пользователей
653 Ключевые слова __
a Ключевые слова Специальная педагогика и психология. Дефектология. Логопедия
653 Ключевые слова __
a Ключевые слова Педагогика, психология, социальная работа
653 Ключевые слова __
a Ключевые слова Психолого-педагогическая диагностика развития лиц с ограниченными возможностями здоровья
653 Ключевые слова __
a Ключевые слова Адаптация к физическим нагрузкам лиц с ограниченными возможностями здоровья
653 Ключевые слова __
a Ключевые слова Олигофренопсихология
653 Ключевые слова __
a Ключевые слова Особенности психического развития лиц с ограниченными возможностями здоровья
653 Ключевые слова __
a Ключевые слова Диагностика развития лиц с ограниченными возможностями здоровья
653 Ключевые слова __
a Ключевые слова Развитие эмоциональной сферы лиц с ограниченными возможностями здоровья
653 Ключевые слова __
a Ключевые слова Основы олигофренопсихологии
653 Ключевые слова __
a Ключевые слова Интегрированное обучение лиц с ограниченными возможностями здоровья
700 Другие авторы __
a Другие авторы Матасов Ю. Т.
q Полное имя Матасов Юрий Тимофеевич
700 Другие авторы __
a Другие авторы Гайдукевич Е. А.
q Полное имя Гайдукевич Екатерина Анатольевна
700 Другие авторы __
a Другие авторы Богачек И. С.
q Полное имя Богачек Ирина Сергеевна
700 Другие авторы __
a Другие авторы Шумская Н. А.
q Полное имя Шумская Надежда Александровна
856 Электронный адрес документа 40
n Местонахождение сервера Юрайт
g Электронная книга
q Тип электронного формата html
h Имя пользователя ЮРАЙТ
v Часы доступа к ресурсу 20271231
2 Способ доступа Показать документ
x Служебное примечание https://urait.ru/book/cover/980F2A81-DD04-4328-B6DE-F60634825C1D
u URL https://urait.ru/bcode/587967
856 Электронный адрес документа 48
q Тип электронного формата cover
u URL https://urait.ru/book/cover/980F2A81-DD04-4328-B6DE-F60634825C1D
911 __
u 0030=https://urait.ru/bcode/587967
911 __
u 073a=9785534135060
u 073d=969.00
911 __
u 106a=s
911 __
u 900l=
952 Тип литературы __
i Дисциплина Психолого-педагогическая диагностика развития лиц с ограниченными возможностями здоровья
952 Тип литературы __
i Дисциплина Адаптация к физическим нагрузкам лиц с ограниченными возможностями здоровья
952 Тип литературы __
i Дисциплина Олигофренопсихология
952 Тип литературы __
i Дисциплина Особенности психического развития лиц с ограниченными возможностями здоровья
952 Тип литературы __
i Дисциплина Диагностика развития лиц с ограниченными возможностями здоровья
952 Тип литературы __
i Дисциплина Развитие эмоциональной сферы лиц с ограниченными возможностями здоровья
952 Тип литературы __
i Дисциплина Основы олигофренопсихологии
952 Тип литературы __
i Дисциплина Интегрированное обучение лиц с ограниченными возможностями здоровья